Normal view MARC view

Entry Personal Name

Number of records used in: 1

001 - CONTROL NUMBER

  • control field: 22643

003 - CONTROL NUMBER IDENTIFIER

  • control field: dpl

005 - DATE AND TIME OF LATEST TRANSACTION

  • control field: 20101004123201.0

008 - FIXED-LENGTH DATA ELEMENTS

  • fixed length control field: 101004|||a|||||| | ||| d

040 ## - CATALOGING SOURCE

  • Original cataloging agency: dpl
  • Transcribing agency: dpl

100 ## - HEADING--PERSONAL NAME

  • Personal name: कश्यप, श्याम

670 ## - SOURCE DATA FOUND

  • Source citation: Work cat.: (dpl)34040: कश्यप, श्याम, ख़बरें विस्तार से /, 2008

670 ## - SOURCE DATA FOUND

  • Source citation: Work cat.: (dpl)34040: कश्यप, श्याम, ख़बरें विस्तार से /, 2008

© Delhi Public Library
Hit Counter
free hit counter